Derecho Penal Parte General / Tomo I

Bibliographic Details
Main Author: Garrido Montt, Mario
Format: eBook
Language:Spanish
Published: [Chile] : Editorial jurd̕ica de Chile, 2010.
Subjects:
Online Access:Acceso restringido. Tomo I

MARC

LEADER 00000nam a22000007a 4500
005 20110826134721.0
008 110826t2010 cl |||||s|||| 00| 0 spa d
020 |a 978-956-10-1595-1 
035 |a 5489 
040 |a vLex 
090 |c 2279  |d 2279 
100 1 |a Garrido Montt, Mario 
245 1 0 |a Derecho Penal  |b Parte General /  |c Mario Garrido Montt   |h [Recurso electrn̤ico] :  |p Tomo I 
256 |a Servicio en ln̕ea 
260 |a [Chile] :  |b Editorial jurd̕ica de Chile,  |c 2010. 
506 1 |a Contenido solo disponible en los productos indicados  |d vLex Global  |d vLex Global (Academic Edition, excluding Law Schools)  |d vLex Global (U.S. Academic Edition, Law Schools)  |d vLex Global (U.S. Academic Edition, excluding Law Schools)  |d vLex Global (Academic Edition, Law Schools) 
650 0 4 |a Derecho penal 
740 0 |a vlex libros (Servicio en ln̕ea) 
856 4 0 |u http://vlex.com/source/derecho-penal-chile-tomo-i-5489  |z Acceso restringido. Tomo I 
942 |c BOOK